Quizzes
Events
Quiz Creation
Community
Videos
Private Events
Remove Ads
Sign In
Join for FREE
Feedback
Dark Mode
Quiz Categories
Sports
Geography
Music
Movies
Television
Just For Fun
Miscellaneous
History
Literature
Language
Science
Gaming
Entertainment
Religion
Holiday
For Kids
Quiz Lab
Recent
Popular Today
Quiz Kudos Today
Editor Picks
Curator Picks
Quizzes by...
Day
Popularity
Type
Ratings
Length
Year
Community
Subscriptions
Recent Discussions
Orange Saloon
Badges
Playlists
Quests
Create
Leaderboards
Showdown
Live 5
Trivia Bingo
Activity
Puzzle Library
Sporcle Events
Private Events
Virtual Trivia
Globe League
Become a Host
Pub Owners
SporcleCon
Opinionation
Our Games
Videos
Blog
Mobile Apps
Partnerships
Remove Ads and Go Orange
Feedback
Music
Pop Music
The Beatles
Song
Album
Lyrics
Bands
Singers
Artist
Clip
Rock
Rap
Classical
Billboard
Country Music
Kpop
Taylor Swift
Music
Pop Music
The Beatles
Song
Album
Lyrics
Bands
Singers
Artist
Clip
Rock
Rap
Classical
Billboard
Country Music
Kpop
Taylor Swift
Random Quiz
Search Sporcle
×
Quiz Lab
Quiz Lab
Music
Song
Type in answers that appear in a list
Type in answers that appear in a list
Classic
Best Score? Go Orange.
Figure out lyrics Stats
Can you name the lyrics to this classic rock song?
By
rapter_jebus
11m
165 Questions
677 Plays
677 Plays
677 Plays
Comments
Comments
Give Quiz Kudos
Give Quiz Kudos
-
- Ratings
hide this ad
Replay
Link that replays current quiz
Next Quiz
Link to next quiz in quiz playlist
You Got
0%
They Got
Avg Score
44%
Avg Friend Score
Upgrade to see
Score Distribution
Jump to the score distribution portion of the page
Score
0/165
Timer
11:00
0
Plays Today
Lyrics
% Correct
And
99.4%
and
99.4%
a
99.4%
the
99.4%
the
99.4%
a
99.4%
And
99.4%
I
98.2%
I
98.2%
I
98.2%
you
93.9%
you
93.9%
You
93.9%
you
93.9%
you
93.9%
you
93.9%
you,
93.9%
you
93.9%
you
93.9%
you
93.9%
love
80.4%
to
78%
me
77.3%
me
77.3%
me
77.3%
me
77.3%
me
77.3%
in
76.2%
in
76.2%
on
74.2%
on
74.2%
on
74.2%
on
74.2%
do
73.6%
when
69.9%
When
69.9%
go
68.2%
your
67.2%
your
67.2%
your
67.2%
with
66.3%
my
64.4%
my
64.4%
my
64.4%
my
64.4%
my
64.4%
my
64.4%
my
64.4%
my
64.4%
my
64.4%
my
64.4%
of
60.4%
I'm
55.5%
I'm
55.5%
I'm
55.5%
Lyrics
% Correct
I'm
55.5%
it's
49.3%
don't
48.7%
know
48.4%
too
46.8%
Like
46.2%
all
45.8%
won't
43.9%
won't
43.9%
won't
43.9%
won't
43.9%
got
43.6%
got
43.6%
got
43.6%
got
43.6%
just
42.1%
get
41.9%
say
41.1%
by
39.3%
fell
37.5%
down.
37.1%
down.
37.1%
You've
35.9%
you've
35.9%
you've
35.9%
you've
35.9%
you've
35.9%
been
35.7%
never
35.5%
man
35.3%
had
35.3%
please.
34.9%
please.
34.9%
Please
34.9%
please.
34.9%
please.
34.9%
way
33.8%
make
33.5%
knees.
31.6%
knees.
31.6%
knees.
31.6%
knees.
31.6%
tell
31.2%
give
30.6%
we'll
29.4%
let
28.8%
begging,
27.5%
begging,
27.5%
begging,
27.5%
begging,
27.5%
mind.
26.6%
mind.
26.6%
mind.
26.6%
mind.
26.6%
side?
25.1%
Lyrics
% Correct
darling
24.7%
darling
24.7%
darling
24.7%
darling
24.7%
best
24.7%
darling
24.7%
darling
24.7%
darling
24.7%
darling
24.7%
world
24.4%
fool,
24.2%
find
23.2%
love's
21.9%
Layla,
21.7%
Layla,
21.7%
Layla,
21.7%
Layla,
21.7%
Layla,
21.7%
Layla,
21.7%
Layla,
21.7%
Layla,
21.7%
Layla,
21.7%
Layla,
21.7%
Layla,
21.7%
Layla,
21.7%
long.
19.4%
ease
19.2%
ease
19.2%
Before
19.2%
ease
19.2%
ease
19.2%
lonely
18.9%
much
18.3%
old
17.4%
whole
17.3%
worried
17%
worried
17%
worried
17%
worried
17%
tried
15.4%
What'll
15.1%
situation
15.1%
pride.
14.5%
foolish
14.3%
upside
13.9%
vain
13.6%
waiting
13.4%
Turned
13.1%
Let's
12.1%
nobody's
11.4%
insane.
10.5%
consolation
9.7%
running
9.6%
hiding
9.3%
finally
9.3%
Quiz Playlist
Details
Report
Send in Message
Add To Playlist
Classic:
Type in answers that appear in a list
Last Updated: Feb 16, 2017
Quiz Scoreboard
CHALLENGE
Sign Up to Join the Scoreboard
Show All
Scores
Hide
Comments
May contain spoilers
Recently Published
Presidents Visiting Landmarks
by Hejman
History
7m
An Introduction to Baseball
by treessimontrees
Sports
5m
Movies - When Are They Set?
by FPL_Elf
Movies
5m
More to Explore
Quiz From the Vault
Featured Blog Post
Where Did the Easter Bunny Come From?
hide this ad
You Might Also Like...
Tags
Lyrics Quiz
Rock Quiz
Song Quiz
classic
Today's Top Quizzes in Music
Browse Music
hide this ad
Today's Top Quizzes in Song
Browse Song
Top Contributed Quizzes in Music
1
Taylor Swift All Songs (2024)
2
Guess the Artist- 70s Songs
3
Taylor Swift Logic Puzzle
4
KPOP LOGIC QUIZ
5
One Thing in Common: Music
6
2010s Album by Cover III
7
7-to-1: Billboard Hot 100 #1 Hits of 2010s
8
Guess the Taylor Swift song (Mystery Song)
9
Sorting Albums and Songs
10
2000s Album Cover Bunker
Explore More
Trending Topics
Kpop
Anime
Crossword
Disney
Harry Potter
Marvel
NBA
WWE
The Office
Song
Pokémon
NFL
Puzzle
Country
Soccer
hide this ad
More By:
rapter_jebus
Quiz
Plays
Rating
Category
Featured
Created
Figure out lyrics
677
2.75
Music
May 4, 2010
Figure Out lyrics 2
631
1.00
Music
May 13, 2010
Super Paper Mario quotes
444
4.20
Gaming
May 11, 2010
Paper Mario Thousand Year Door quotes
316
4.33
Gaming
May 11, 2010
Lyrical Answers
191
1.00
Music
Jan 22, 2010
Go to Creator's Profile
Score Distribution
Quiz Creator Spotlight
rapter_jebus
Follow
Send a Message
Quizzes Created
-
Created Quiz Play Count
-
More By This Creator
Popular Quizzes Today
1
Find the US States - No Outlines Minefield
2
Find the Countries of Europe - No Outlines Minefield
3
The Countries of the World
4
Find the US States
5
Popular People in 1961
6
US States
7
Risky Map Clicking: Biggest States A-Z
8
1-10 Letter E Words III
More Music Quizzes
Band by Live Album
Published
Trending Quizzes
Risky Map Clicking: Least Populous States A-Z
1-10 Letter G Words
1-10 Letter F Words
Risky Map Clicking: Next State Alphabetically
Risky Map Clicking: Biggest States A-Z
Recently Updated
Leaping Animals
pecheneg
Reality TV Shows (A-Z)
bhenderson79
Rickey Henderson's Hall of Fame Teammates
pecheneg
Champions League XIs: Arsenal
pecheneg
Quick Pick: Celebrities in WWE's Hall of Fame
aduchscher
A-Z Keypad Blitz II
pecheneg
Multiple Oscar Actors
pecheneg
Mystery Phrase Blitz: Oscar 'Best Actors'
pecheneg
F. Scott Fitzgerald Novels
LTH
Pick 3 Villains
ddd62291
Trending Topics
Harry Potter
Kpop
NBA
Crossword
Disney
Marvel
Anime
Soccer
Country
NFL
Pokémon
Song
Puzzle
The Office
WWE
Your Account Isn't Verified!
In order to create a playlist on Sporcle, you need to verify the email address you used during registration. Go to your
Sporcle Settings
to finish the process.
Report this User
Report this user for behavior that violates our
Community Guidelines
.
Details:
Send Report
Go to the Sporcle.com Mobile Site →
Comments